| 000 | 00377 a2200169 4500 | ||
|---|---|---|---|
| 001 | 71310 | ||
| 020 | _a8535605606 | ||
| 040 | _cAnchieta - Colégio São Paulo | ||
| 100 | _aNucci, Nély Aparecida Guernelli | ||
| 240 | 1 | 0 |
_aA travessia _lpor |
| 245 | 1 | 0 | _aA travessia |
| 300 | _a16 | ||
| 362 | 0 | _a2000 | |
| 440 | 1 | _aPaulinas | |
| 650 | 4 | _aLiteratura infantil | |
| 942 | _cBK | ||
| 999 |
_c71310 _d71310 |
||